A munka-magánélet egyensúlyának generációs eltérései, fókuszban a mentális segítő szakmák

Bibliográfiai részletek
Szerző: Pozsgai Adrienn Julianna
További közreműködők: Fekete-Frojimovics Dr. Zsófia
Dokumentumtípus: Diplomadolgozat
Kulcsszavak:emberi erőforrás - munkaerő
emberi fejlődés
generációs fejlődés
mentális folyamatok
pszichológia
Online Access:http://dolgozattar.uni-bge.hu/59960

MARC

LEADER 00000nta a2200000 i 4500
001 dolg59960
005 20260409145812.0
008 260409suuuu hu om 000 hun d
040 |a BGE Dolgozattár Repozitórium  |b hun 
041 |a hu 
100 1 |a Pozsgai Adrienn Julianna 
245 1 2 |a A munka-magánélet egyensúlyának generációs eltérései, fókuszban a mentális segítő szakmák  |c Pozsgai Adrienn Julianna  |h [elektronikus dokumentum] 
520 3 |a Szakdolgozatomban a munka-magánélet egyensúlyának generációs eltéréseit vizsgálom, különös tekintettel a mentális segítő szakmákra. Kutatásom célja feltárni, hogyan hat az egyensúly a különböző korosztályok mentális egészségére és munkateljesítményére, valamint milyen tényezők befolyásolják az elégedettségüket, figyelembe véve a társadalmi és munkahelyi változásokat. Dolgozatomban a munkaerőpiacon jelenleg is jelenlévő 4 generációt vizsgálom, tehát a Baby Boomereket (1946-1964), az X generációt (1965-1979), az Y generációt (1980-1994) és a Z generációt (1995-2012). 
695 |a emberi erőforrás - munkaerő 
695 |a emberi fejlődés 
695 |a generációs fejlődés 
695 |a mentális folyamatok 
695 |a pszichológia 
700 1 |a Fekete-Frojimovics Dr. Zsófia  |e ths 
856 4 0 |u http://dolgozattar.uni-bge.hu/59960/1/PozsgaiAdriennJulianna_szakdolgozat_BA.pdf  |z Dokumentum-elérés 
856 4 0 |u http://dolgozattar.uni-bge.hu/59960/2/Pozsgai%20Adrienn%20Julianna%20B%C3%ADr%C3%A1lati%20lap_BSc_BA_MSc_MA_2025.pdf  |z Dokumentum-elérés 
856 4 0 |u http://dolgozattar.uni-bge.hu/59960/3/BA%20b%C3%ADr%C3%A1lati%20lap%202025_PozsgaiA_PED.pdf  |z Dokumentum-elérés